00723nam a2200241 a 4500001001300000003000900013005001700022008004100039020001000080082001900090100002800109245003300137260003700170300000900207500003500216505003300251650002200284700002800306902000800334942000700342952011900349999001300468nice12345678IN_TiNIC20260116011337.0050524s1998 boma grp 000 0 ara  ac10000a500.80297bSIN aSina Ibn, Aliul Hussain aRisala Fi Hikmat Wa Tabiyat. aBombaybGulzar Hasni Pressc1998 a104p aincludes index and biblioraphy2 aBound one Volumes Part 1 & 2 aIslam and Science1 aSina Ibn, Aliul Hussain bSRS cBK 001040708StackRoom-aHMIbHMId2007-06-11g100.00l0o500.80297 SINp04697r2007-06-11v100.00w2005-05-24yBK c686d686